| 000 | 00711nam a22001697a 4500 | ||
|---|---|---|---|
| 999 |
_c63776 _d63776 |
||
| 003 | Ge_BSU | ||
| 005 | 20260112204052.0 | ||
| 008 | 260112s1968 ge ||||| |||| 00| 0 geo d | ||
| 041 | _ageo | ||
| 080 | _a338.5.01 ნ-24 | ||
| 100 |
_aნანიტაშვილი, ბორის _926653 |
||
| 245 |
_aფასის განსაზღვრის თეორიის პრობლემები / _c ბორის ნანიტაშვილი. |
||
| 264 |
_aთბილისი : _b საბჭ. საქართველო, _c1968. |
||
| 300 |
_a275 გვ. : _bცხრილ. ; _c22 სმ. |
||
| 653 | _aფასების თეორია | ||
| 942 |
_2udc _cᲬᲘᲒᲜᲘ |
||